Introductory mycology (Record no. 12859)

MARC details
000 -LEADER
fixed length control field 00462nam a2200181Ia 4500
008 - FIXED-LENGTH DATA ELEMENTS--GENERAL INFORMATION
fixed length control field 230917s9999||||xx |||||||||||||| ||und||
020 ## - ISBN
Price RS709
040 ## - CATALOGING SOURCE
-- 221127
Original cataloging agency VIVEKANANDA LIBRARY
041 ## - Language
-- English
082 ## - DDC NUMBER
Classification number 589.2 A27I(4)
100 ## - MAIN ENTRY--PERSONAL NAME
Personal name Alexopoulos, C J
245 #0 - TITLE STATEMENT
Title Introductory mycology
250 ## - EDITION STATEMENT
Edition statement 4th ed.
260 ## - PUBLICATION, DISTRIBUTION, ETC. (IMPRINT)
Place of publication, distribution, etc New Delhi
Name of publisher, distributor, etc Wiley India
Date of publication, distribution, etc 2014
300 ## - PHYSICAL DESCRIPTION
Pages x, 869 p.
500 ## - GENERAL NOTE
General note 1718 24/12/2014 RBP42960 05/01/2015 Main Budget
942 ## - ADDED ENTRY ELEMENTS (KOHA)
Koha item type Books
Holdings
Withdrawn status Lost status Damaged status Not for loan Location (home branch) Sublocation or collection (holding branch) Date acquired Koha issues (times borrowed) Koha full call number Accession No. Koha date last seen Koha item type
        VIVEKANANDA LIBRARY VIVEKANANDA LIBRARY 05/02/2015 3 589.2 A27I(4) 308725 24/11/2025 Books
© Designed and Maintained by Vivekananda Library, MDU Rohtak